Bălgaristični proučvanija părva Meždunarodna naučna sesija. Veliko Tărnovo, 20-22 avgust 1995 g.

Bibliographic Details
Corporate Author: Bălgaristični proučvanija Veliko Tărnovo, Bulharsko (Author)
Format: Conference Proceeding Book
Language:Bulgarian
PhysicalDescription:290 s. 27 cm
Published: Veliko Tărnovo Pik 1996
ISBN:954 8258 70 6
Subjects:

MARC

LEADER 00000nam a2200000 a 4500
001 vtls001314190
003 SK-MaSNL
005 20260301065436.0
008 251124s1996 BG 0 bul
020 |a 954 8258 70 6  |c [89,00] 
035 |a SNK000266643 
040 |a SNK  |b slo  |c SNK  |e AACR2 
044 |a BG 
080 |a 808.67(082)  |2 1981 
080 |a 886.7(082)  |2 1981 
111 2 |a Bălgaristični proučvanija  |n (1. :  |d 1995 :  |c Veliko Tărnovo, Bulharsko)  |4 aut  |9 36454 
245 1 |a Bălgaristični proučvanija  |b părva Meždunarodna naučna sesija. Veliko Tărnovo, 20-22 avgust 1995 g. 
260 |a Veliko Tărnovo  |b Pik  |c 1996 
300 |a 290 s.  |c 27 cm 
650 0 7 |a bulharčina  |2 SNKPH  |9 1707 
650 0 7 |a bulharská literatúra  |2 SNKPH  |9 1476 
919 |a 954 8258 70 6 
999 |c 630762  |d 632692 
952 |t P60, <04>, [BOOK], {604}  |a SNK  |b SNK  |y VYP  |7 0  |p 17A0112161  |o snkIC 127004  |i snkV 2919/97  |0 0  |1 0  |4 0  |d 1997-12-11  |l 0  |r 2005-01-02 00:00:00  |w 2026-02-23